| 000 | 00931cam a2200241 4500 | ||
|---|---|---|---|
| 001 | WB3738-06 | ||
| 008 | 011008n2001 000 0 eng u | ||
| 035 | _a(Sirsi) u115026 | ||
| 245 | _aLondon voted Europe's best business city | ||
| 260 | _c2001 | ||
| 490 |
_aLondon First Centre Press Release _v4 October 2001, (2) |
||
| 520 | _aHealey & Baker's annual survey, "European cities monitor 2001" ranks London as Europe's premier business location for the twelfth year running. London outshone other European cities on easy access to markets, quality of telecommunications, qualified staff,languages spoken and external transport links. | ||
| 590 | _aWB | ||
| 650 | _aHEALEY AND BAKER | ||
| 650 | _aLONDON | ||
| 650 | _aEUROPEAN CITIES | ||
| 650 | _aSURVEYS | ||
| 650 | _aBUSINESS LOCATIONS | ||
| 650 | _aFINANCIAL CENTRES | ||
| 650 | _aINWARD INVESTMENT | ||
| 690 | _aMANAGEMENT-BUSINESS MANAGEMENT | ||
| 942 | _n0 | ||
| 999 |
_c68505 _d68505 |
||